000 00662 a2200193 4500
010 _aENG-85820
020 _c450.00
035 _aEN-69353
037 1 4 _bDBAD / PUB
082 1 _a658.1511
090 _c3786
_d3786
100 1 _aMadegowda, J.
245 _aManagement accounting
_cby J. Madegowda
260 _aMumbai
_bHimalaya Publishing House
_c2007
270 _a"Ramdoot", Dr. Bhalerao Marg, Girgaon
_bMumbai
_cMaharashtra
_e400 004
_k23860170 & 23863863
_l022-23877178
_mhimpub@vsnl.com
300 _av, 776p.
_c24cm (pbk)
942 _adpl
_cEN
_k658.1511 / MAD
999 _c3708
_d3708